000 01118cam a22003613a 4500
001 12190
003 PGUSA
005 20140828083246.0
008 040401s2004||||xxu|||||s|||||000 1 eng d
040 _aPGUSA
_beng
042 _adc
050 4 _aPS
100 1 _aStockton, Frank Richard,
_d1834-1902
245 1 4 _aThe Adventures of Captain Horn
_h[electronic resource] /
_cFrank Richard Stockton
260 _bProject Gutenberg,
_c2004
500 _aSequel: Mrs. Cliff's Yacht, #30848.
506 _aPublic domain in the USA.
516 _aElectronic text
653 _aAdventure stories
653 _aBrothers and sisters -- Fiction
653 _aShip captains -- Fiction
653 _aConduct of life -- Fiction
653 _aVoyages and travels -- Fiction
653 _aPeru -- Fiction
653 _aBrigands and robbers -- Fiction
653 _aShipwrecks -- Fiction
653 _aOutdoor life -- Fiction
653 _aSailors -- Fiction
653 _aTreasure troves -- Fiction
830 0 _aProject Gutenberg
_v12190
856 4 0 _uhttp://www.gutenberg.org/ebooks/12190
942 _cEB
999 _c241445
_d241445